Les 15 plus belles gares ferroviaires de France - Statistiques

Statistiques générales
  • Ce quiz a été pris 67 fois
  • Le résultat moyen est 4 sur 15
Statistiques - réponses
Hint Réponse % Correct
1 Limoges
63%
3 Strasbourg
63%
2 Metz
52%
11 Tours
38%
5 Gare de l'Est
33%
15 La Rochelle
30%
10 Amiens
25%
12 Brest
25%
9 Marseille Saint Charles
23%
7 Biarritz
12%
4 Cherbourg
8%
6 Lyon Saint Exupery
8%
8 Avignon TGV
5%
14 Arcachon
3%
13 Deauville-Trouville
2%
Aucun quiz correspondant
Distribution des résultats
% des personnes avec chaque résultat
Percentile par nombre de réponses
Votre historique - résultats
Vous n’avez pas pris ce quiz